| 000 | 00790nam a2200253Ia 4500 | ||
|---|---|---|---|
| 003 | OSt | ||
| 005 | 20220928115653.0 | ||
| 006 | a|||||r|||| 00| 0 | ||
| 007 | ta | ||
| 008 | 220927b |||||||| |||| 00| 0 eng d | ||
| 020 | _cUKP 25.00 | ||
| 024 | _a142572 | ||
| 037 |
_b115, 24/01/2020, Classic Book Service _cTextual |
||
| 040 |
_aSDCL _cSDCL _beng |
||
| 041 |
_2eng _aeng |
||
| 082 | _aV41:1943'P, Q9 | ||
| 100 |
_aTai Michael _9445433 |
||
| 245 | 0 |
_aChina and her neighbours _b Asian diplomacy from ancient history to the present |
|
| 260 |
_aLondon _bZED _c2019 |
||
| 300 |
_axi,299p. _ccm. |
||
| 650 |
_aBusiness Economics _9391653 |
||
| 942 |
_hV41:1943'P, Q9 _cTEXL _2CC |
||
| 999 |
_c760379 _d760379 |
||